000 00510nam a22001817a 4500
003 MPLRDC
005 20220104203407.0
008 210129b ||||| |||| 00| 0 eng d
020 _a978-986-92148-4-1
082 _a494.1 JYK
100 _a菅野宽 HIROSHI KANNO
245 _a成功模式的失灵与复活
_c郭欣怡 译
250 _a初版一刷
260 _a台湾
_b方言文化出版事业有限公司
_c2015
300 _b
650 _a管理理论;经营管理
942 _cNB
_o494.1 JYK
999 _c68108
_d68098